000
00328nam a22001337a 4500
008
170504b xxu||||| |||| 00| 0 eng d
020
_a
9780415111201
041
_a
eng
080
_2
7 ED
_a
34
100
_a
14
101
_a
SHJ
245
_a
AKETHURTS MODERN INTRODUCTION INERNATIONAL LAW
_c
NALANCZUK.P
942
_2
udc
_c
BK
999
_c
12672
_d
12672